[Event "NK Jeugd A"]
[Site "Assen"]
[Date "2017.04.26"]
[Round "6.10"]
[White "Berghuis, Thomas"]
[Black "Van Doren, Bas"]
[Result "0-1"]
[WhiteElo "1215"]
[BlackElo "1755"]
[PlyCount "62"]
[EventDate "2017.??.??"]

1. c4 f5 2. d4 e6 3. Nc3 Nf6 4. g3 Be7 5. Bg2 d6 6. Bg5 O-O 7. e3 Qe8 8. Nge2
Nc6 9. Nb5 Bd8 10. Bxf6 Rxf6 11. e4 e5 12. d5 Ne7 13. O-O g5 14. f4 g4 15. fxe5
dxe5 16. Qd2 Qh5 17. d6 cxd6 18. Nxd6 Bb6+ 19. Kh1 Rh6 20. h3 gxh3 21. Bf3 Qg6
22. exf5 Qxd6 23. Qg5+ Kh8 24. c5 Bxc5 25. Rad1 Bd4 26. Nxd4 exd4 27. Rfe1 Rf6
28. Rxd4 Qxd4 29. Rxe7 Rf8 30. Bg4 Qd5+ 31. Kg1 Qg2# 0-1

[Event "NK Jeugd A"]
[Site "Assen"]
[Date "2017.04.26"]
[Round "6.11"]
[White "De Boer, Sipke"]
[Black "Bootsma, Nick"]
[Result "1-0"]
[WhiteElo "1363"]
[BlackElo "1528"]
[PlyCount "91"]
[EventDate "2017.??.??"]

1. Nf3 Nf6 2. g3 g6 3. Bg2 Bg7 4. O-O O-O 5. d4 d5 6. Bg5 Nc6 7. Nc3 Ne4 8. Bf4
a6 9. Rb1 Re8 10. Nxe4 dxe4 11. Nd2 Nxd4 12. Nxe4 Rb8 13. c3 Ne6 14. Be3 b6 15.
Qxd8 Rxd8 16. Rfd1 Bb7 17. Rxd8+ Nxd8 18. Rd1 Ne6 19. Rd2 h6 20. f4 f5 21. Nf2
Bxg2 22. Kxg2 Rd8 23. Rxd8+ Nxd8 24. g4 Nc6 25. gxf5 gxf5 26. Nd3 Kf7 27. Kf3
e5 28. fxe5 Nxe5+ 29. Nxe5+ Bxe5 30. Bf4 Ke6 31. Bxe5 Kxe5 32. e3 c6 33. b4 h5
34. c4 h4 35. h3 a5 36. b5 cxb5 37. cxb5 a4 38. a3 Ke6 39. Kf4 Kf6 40. e4 fxe4
41. Kxe4 Ke6 42. Kf4 Kf6 43. Kg4 Kg7 44. Kxh4 Kh6 45. Kg4 Kg6 46. Kf4 1-0

[Event "NK Jeugd A"]
[Site "Assen"]
[Date "2017.04.27"]
[Round "7.2"]
[White "Warmerdam, Max"]
[Black "Vereggen, Lars"]
[Result "1-0"]
[WhiteElo "2351"]
[BlackElo "2334"]
[PlyCount "85"]
[EventDate "2017.??.??"]

1. e4 c6 2. d4 d5 3. e5 Bf5 4. Nf3 e6 5. Be2 Ne7 6. O-O h6 7. Nbd2 Nd7 8. Nb3
Bh7 9. Bd2 Nc8 10. Na5 Qc7 11. c4 dxc4 12. Nxc4 Ndb6 13. b3 Nd5 14. Qc1 a5 15.
Qb2 a4 16. b4 b5 17. Na5 Qb6 18. Rac1 Na7 19. a3 Be7 20. Ne1 O-O 21. Nd3 Rad8
22. Nc5 Kh8 23. Bf3 Rfe8 24. Rfe1 Bf8 25. Be4 Bxc5 26. Rxc5 Bxe4 27. Rxe4 Ne7
28. Qc1 Nf5 29. Be3 Rd5 30. g4 Nxe3 31. Qxe3 Red8 32. g5 h5 33. Qf3 Kg8 34.
Qxh5 Rxd4 35. Rxd4 Rxd4 36. g6 fxg6 37. Qxg6 Qd8 38. Qxe6+ Kh8 39. Rc3 Rd1+ 40.
Kg2 Qd5+ 41. Qxd5 Rxd5 42. e6 Re5 43. Nxc6 1-0

[Event "NK Jeugd A"]
[Site "Assen"]
[Date "2017.04.27"]
[Round "7.3"]
[White "Kevlishvili, Robby"]
[Black "Beerdsen, Thomas"]
[Result "1-0"]
[WhiteElo "2414"]
[BlackElo "2446"]
[PlyCount "135"]
[EventDate "2017.??.??"]

1. e4 e5 2. Nf3 Nc6 3. Bb5 Bc5 4. Nxe5 Qg5 5. Bxc6 Qxe5 6. Bb5 Qxe4+ 7. Qe2
Qxe2+ 8. Bxe2 Nf6 9. O-O O-O 10. Bf3 d5 11. d3 c6 12. Bf4 h6 13. Nd2 Re8 14.
Nb3 Bb6 15. Rfe1 Bg4 16. Bxg4 Nxg4 17. Bg3 a5 18. a4 h5 19. h3 Nf6 20. Rxe8+
Rxe8 21. Kf1 Nd7 22. Re1 Rxe1+ 23. Kxe1 f6 24. Bf4 Bd8 25. Bd2 b6 26. Nd4 c5
27. Ne6 Be7 28. Nf4 d4 29. Nxh5 f5 30. Ng3 g6 31. Bf4 Kf7 32. Nf1 Ke6 33. Nd2
g5 34. Bh2 Nf6 35. Nc4 Nd5 36. Bb8 Bd8 37. Ke2 Nb4 38. Kd2 Nd5 39. g3 Bf6 40.
Ke2 Bd8 41. f4 gxf4 42. Bxf4 Nb4 43. Kd1 Nd5 44. Ke2 Nb4 45. Na3 Kf6 46. Kf3
Kg6 47. g4 Bh4 48. Bd2 Nd5 49. Nc4 Bd8 50. Nd6 fxg4+ 51. hxg4 Bc7 52. Nf5 Bd8
53. Ng3 Bh4 54. Nh5 Ne7 55. Nf4+ Kf7 56. Ng2 Bf6 57. Ke4 Ke6 58. g5 Bg7 59.
Nf4+ Kd6 60. Nh5 Bh8 61. Bf4+ Ke6 62. Bc7 Nc8 63. g6 Bf6 64. g7 Bxg7 65. Nxg7+
Kd7 66. Bf4 Kc6 67. Nf5 Na7 68. Ne7+ 1-0

[Event "NK Jeugd A"]
[Site "Assen"]
[Date "2017.04.27"]
[Round "7.7"]
[White "Kalle, Erwin"]
[Black "Elgersma, Simon"]
[Result "1-0"]
[WhiteElo "2039"]
[BlackElo "2189"]
[PlyCount "155"]
[EventDate "2017.??.??"]

1. e4 e6 2. d4 d5 3. Nd2 c5 4. Ngf3 cxd4 5. exd5 Qxd5 6. Bc4 Qd7 7. O-O Nc6 8.
Nb3 a6 9. Nbxd4 Nxd4 10. Nxd4 Qc7 11. Bb3 Bd6 12. h3 Bd7 13. Re1 Ne7 14. Qe2
O-O 15. Nf3 Ng6 16. Bd2 Rae8 17. Rad1 Kh8 18. Ba5 Qxa5 19. Rxd6 Bc6 20. Red1
Qf5 21. Qe3 Nf4 22. Nd4 Qg6 23. Qg3 Bxg2 24. Qxg6 hxg6 25. Ne2 Nxe2+ 26. Kxg2
Nf4+ 27. Kf3 Nh5 28. Rd7 Rb8 29. R1d6 Nf6 30. Re7 Kg8 31. Rb6 Rfc8 32. Rbxb7
Rxb7 33. Rxb7 Rc5 34. Rb8+ Kh7 35. Rb7 Rf5+ 36. Ke3 g5 37. c4 Kh6 38. f3 Nh5
39. Rb6 Nf4 40. Rxa6 Nxh3 41. Bd1 Re5+ 42. Kd2 f5 43. b4 g4 44. fxg4 f4 45. Ra5
Re3 46. Rh5+ Kg6 47. b5 Nf2 48. Bc2+ Ne4+ 49. Bxe4+ Rxe4 50. Kd3 Re1 51. Kd2
Rb1 52. Kc2 Ra1 53. Kb2 Rd1 54. b6 f3 55. b7 f2 56. b8=Q f1=Q 57. Qe8+ Qf7 58.
Rg5+ Kf6 59. Qxf7+ Kxf7 60. a4 Kf6 61. Rb5 e5 62. a5 Rd2+ 63. Kb3 Rd3+ 64. Kb4
e4 65. Rd5 Rh3 66. Rh5 Rd3 67. Rd5 Rh3 68. Rh5 Rd3 69. Rh2 e3 70. Re2 Ke5 71.
a6 Ke4 72. a7 Rd8 73. Kb5 Kd3 74. Re1 Kd2 75. Rh1 e2 76. Kb6 Rf8 77. c5 Kd3 78.
Re1 1-0

[Event "NK Jeugd A"]
[Site "Assen"]
[Date "2017.04.27"]
[Round "7.8"]
[White "Van Doren, Bas"]
[Black "De Boer, Bas"]
[Result "0-1"]
[WhiteElo "1755"]
[BlackElo "2107"]
[PlyCount "88"]
[EventDate "2017.??.??"]

1. e4 c5 2. Nf3 e6 3. d4 cxd4 4. Nxd4 Nc6 5. Nc3 Qc7 6. Ndb5 Qb8 7. Be3 a6 8.
Bb6 axb5 9. Nxb5 Bb4+ 10. c3 Ba5 11. Nd6+ Qxd6 12. Qxd6 Bxb6 13. Bd3 Nge7 14.
b4 Ba7 15. O-O Bb8 16. Qc5 O-O 17. a4 Ng6 18. g3 Nce5 19. Bc2 Ba7 20. Qc7 d5
21. exd5 exd5 22. Bxg6 Nxg6 23. Rfe1 Bb8 24. Qc5 Be6 25. Qb5 Ne5 26. Qxb7 Nf3+
27. Kh1 Ra7 28. Qb5 Nxe1 29. Rxe1 Rc7 30. a5 Ba7 31. Kg2 Rxc3 32. Qb7 Bd4 33.
Rd1 Be5 34. b5 Bg4 35. Re1 Bf3+ 36. Kg1 Bd4 37. h4 Rc2 38. Rf1 Rfc8 39. b6 h5
40. a6 Rc1 41. Kh2 g6 42. Rxc1 Rxc1 43. Qb8+ Kh7 44. g4 Bxf2 0-1

[Event "NK Jeugd A"]
[Site "Assen"]
[Date "2017.04.27"]
[Round "7.10"]
[White "Hartevelt, Leendert"]
[Black "De Boer, Sipke"]
[Result "1-0"]
[WhiteElo "1777"]
[BlackElo "1363"]
[PlyCount "75"]
[EventDate "2017.??.??"]

1. e4 g6 2. c4 Bg7 3. d4 d6 4. Nc3 Nf6 5. Nf3 O-O 6. Be2 Bg4 7. Be3 Nbd7 8. O-O
c5 9. d5 Nb6 10. Nd2 Bxe2 11. Qxe2 Qd7 12. h3 e6 13. g4 exd5 14. cxd5 h5 15. f3
Qe7 16. Rf2 Nbd7 17. Rg2 a6 18. Nf1 b5 19. Ng3 h4 20. Nf1 Nh7 21. Nd2 g5 22.
Rf1 Bxc3 23. bxc3 f6 24. f4 Rab8 25. fxg5 fxg5 26. Rf5 a5 27. Rgf2 b4 28. cxb4
axb4 29. Nc4 Nb6 30. Qc2 Nxc4 31. Qxc4 Rbe8 32. e5 Rxf5 33. Rxf5 dxe5 34. d6+
Qe6 35. d7 Qxc4 36. dxe8=Q+ Kg7 37. Qxe5+ Kg6 38. Qd5 1-0

[Event "NK Jeugd A"]
[Site "Assen"]
[Date "2017.04.27"]
[Round "7.11"]
[White "Bootsma, Nick"]
[Black "Berghuis, Thomas"]
[Result "1-0"]
[WhiteElo "1528"]
[BlackElo "1215"]
[PlyCount "77"]
[EventDate "2017.??.??"]

1. e4 e5 2. Nf3 Nc6 3. Bc4 Bc5 4. c3 Nf6 5. d4 exd4 6. cxd4 Bb4+ 7. Bd2 Nxe4 8.
Bxb4 Nxb4 9. Bxf7+ Kxf7 10. Qb3+ Ke8 11. Qxb4 d5 12. O-O Rf8 13. Nbd2 Qd6 14.
Qxd6 Nxd6 15. Rfe1+ Kd8 16. Re5 c6 17. Rae1 Re8 18. Ng5 h6 19. Nf7+ Kd7 20.
Nxd6 Rxe5 21. dxe5 Ke7 22. Nb3 g6 23. f4 b6 24. h3 Bd7 25. g4 Rg8 26. Kf2 c5
27. f5 Rf8 28. f6+ Ke6 29. h4 Rg8 30. Kf3 a5 31. Nb7 Bc6 32. Nd6 a4 33. Nc1 h5
34. g5 b5 35. Nd3 d4+ 36. Kf2 c4 37. Nf4+ Kd7 38. f7 Rf8 39. Nxg6 1-0

[Event "NK Jeugd A"]
[Site "Assen"]
[Date "2017.04.28"]
[Round "8.6"]
[White "Damen, Jip"]
[Black "Kalle, Erwin"]
[Result "1/2-1/2"]
[WhiteElo "1859"]
[BlackElo "2039"]
[PlyCount "73"]
[EventDate "2017.??.??"]

1. e4 e5 2. Nf3 Nc6 3. Bb5 Nge7 4. Nc3 d6 5. d4 a6 6. Ba4 b5 7. Bb3 Nxd4 8.
Nxd4 exd4 9. Nd5 c5 10. Nxe7 Bxe7 11. Bd5 Rb8 12. a4 O-O 13. axb5 axb5 14. O-O
Be6 15. Ra3 Bxd5 16. exd5 Ra8 17. Rh3 g6 18. Qd2 f5 19. Rxh7 Bg5 20. Qxg5 Qxg5
21. Bxg5 Kxh7 22. Be7 Rfe8 23. Bxd6 Rad8 24. Bxc5 Rxd5 25. b4 Re2 26. Rc1 Rde5
27. Kf1 Rd2 28. Re1 Rxe1+ 29. Kxe1 Rxc2 30. Bxd4 Kh6 31. Be3+ Kh5 32. Bd2 Kg4
33. Ke2 f4 34. h3+ Kf5 35. Kd3 Ra2 36. g3 Ra3+ 37. Kd4 1/2-1/2

[Event "NK Jeugd A"]
[Site "Assen"]
[Date "2017.04.28"]
[Round "8.7"]
[White "De Boer, Bas"]
[Black "Van Hoorn, Geert"]
[Result "1/2-1/2"]
[WhiteElo "2107"]
[BlackElo "1952"]
[PlyCount "144"]
[EventDate "2017.??.??"]

1. d4 Nf6 2. c4 c5 3. d5 b5 4. cxb5 a6 5. bxa6 Bxa6 6. Nc3 g6 7. e4 Bxf1 8.
Kxf1 d6 9. g3 Bg7 10. Nf3 Nbd7 11. Kg2 O-O 12. a4 Qa5 13. Bd2 Qb4 14. Re1 Rfb8
15. Nb5 Qxb2 16. Bc3 Rxb5 17. Bxb2 Rxb2 18. h3 Rb4 19. Rb1 Rbxa4 20. e5 dxe5
21. Nxe5 Nxe5 22. Rxe5 Ne4 23. Rxe7 f5 24. Rb8+ Bf8 25. Rxa8 Rxa8 26. d6 Bxe7
27. Qd5+ Kg7 28. Qxa8 Bxd6 29. Qd5 Be7 30. g4 Kf6 31. f3 Ng5 32. Qg8 fxg4 33.
hxg4 Ne6 34. Qh8+ Ng7 35. Qxh7 g5 36. f4 gxf4 37. Qh6+ Kf7 38. Qxf4+ Kg6 39.
Kf3 Bf6 40. Qe4+ Kf7 41. Qd5+ Ne6 42. Ke4 Ke7 43. Kf5 Ng7+ 44. Kg6 Bd4 45. Qe4+
Kd6 46. Kf7 Kc7 47. Qd5 Kb6 48. g5 Kc7 49. g6 Kb6 50. Qb3+ Kc7 51. Qb5 Kd6 52.
Qb7 Be5 53. Qb8+ Kd5 54. Qd8+ Kc4 55. Qd7 Bd4 56. Kg8 Kb4 57. Qb7+ Kc3 58. Qxg7
Bxg7 59. Kxg7 c4 60. Kf6 Kb2 61. g7 c3 62. g8=Q c2 63. Qg2 Kb1 64. Qe4 Kb2 65.
Qd4+ Kb1 66. Qb4+ Ka2 67. Qc3 Kb1 68. Qb3+ Ka1 69. Qa4+ Kb1 70. Qb4+ Ka2 71.
Qd2 Kb1 72. Qb4+ Ka2 1/2-1/2

[Event "NK Jeugd A"]
[Site "Assen"]
[Date "2017.04.28"]
[Round "8.8"]
[White "Bosma, Jan"]
[Black "Hartevelt, Leendert"]
[Result "1-0"]
[WhiteElo "1684"]
[BlackElo "1777"]
[PlyCount "89"]
[EventDate "2017.??.??"]

1. c4 e5 2. g3 Nf6 3. Bg2 Nc6 4. Nc3 Bb4 5. Nd5 Bc5 6. d3 O-O 7. Nf3 h6 8. O-O
d6 9. a3 a5 10. e3 Nxd5 11. cxd5 Ne7 12. d4 exd4 13. Nxd4 Ng6 14. b3 Re8 15.
Bb2 Ne5 16. Qd2 Bd7 17. Qc3 f6 18. Kh1 Qc8 19. b4 Bb6 20. f4 Nf7 21. e4 Bh3 22.
Bxh3 Qxh3 23. Ne6 axb4 24. axb4 Rxa1 25. Rxa1 Qg4 26. Qd3 h5 27. Kg2 h4 28. h3
Qxg3+ 29. Qxg3 hxg3 30. Kxg3 c6 31. Rc1 Nd8 32. f5 Kf7 33. Kf3 g6 34. Nxd8+
Bxd8 35. dxc6 bxc6 36. fxg6+ Kxg6 37. Rxc6 Be7 38. b5 Rb8 39. b6 Kf7 40. Kf4
Ke6 41. Bd4 Bd8 42. h4 f5 43. e5 Be7 44. exd6 Bxd6+ 45. Rxd6+ 1-0

[Event "NK Jeugd A"]
[Site "Assen"]
[Date "2017.04.28"]
[Round "8.9"]
[White "Nieczyporowski, Miki"]
[Black "Van Doren, Bas"]
[Result "1/2-1/2"]
[WhiteElo "1616"]
[BlackElo "1755"]
[PlyCount "126"]
[EventDate "2017.??.??"]

1. e4 c5 2. Ne2 e6 3. d4 cxd4 4. Nxd4 a6 5. Nc3 b5 6. a4 b4 7. Na2 Bb7 8. Bd3
Nc6 9. c3 bxc3 10. bxc3 Nf6 11. f3 Be7 12. Nxc6 Bxc6 13. Nb4 Bb7 14. Be3 Qc7
15. Qd2 a5 16. Nc2 O-O 17. Nd4 d5 18. Nb5 Qb8 19. Qc2 dxe4 20. Bxe4 Nxe4 21.
fxe4 Qe5 22. O-O Bxe4 23. Qe2 Rfd8 24. Bd4 Bc5 25. Kh1 Bxd4 26. cxd4 Rxd4 27.
Nxd4 Qxd4 28. Qg4 f5 29. Qg5 Rb8 30. Rfd1 Qf6 31. Qxf6 gxf6 32. Rd7 Bc2 33. Ra7
Bxa4 34. Rxa5 Bc2 35. Ra8 Rxa8 36. Rxa8+ Kf7 37. Kg1 f4 38. Rc8 Be4 39. Kf2 Kg6
40. Rg8+ Kf5 41. h3 Ke5 42. Rd8 Bg6 43. Kf3 Bh5+ 44. Kf2 Ke4 45. Rd6 Kf5 46.
Rd7 Bg6 47. Kf3 e5 48. Re7 e4+ 49. Kf2 Kg5 50. Re6 e3+ 51. Ke2 Bf7 52. Re7 Bc4+
53. Ke1 Bd3 54. Re6 Kf5 55. Re7 Be4 56. Kf1 h5 57. Re8 Bd3+ 58. Ke1 Kg5 59. Re6
Bf5 60. Re7 f3 61. gxf3 Bxh3 62. Rxe3 Kf4 63. Kf2 Bf5 1/2-1/2

[Event "NK Jeugd A"]
[Site "Assen"]
[Date "2017.04.28"]
[Round "8.10"]
[White "Elgersma, Simon"]
[Black "De Boer, Sipke"]
[Result "1-0"]
[WhiteElo "2189"]
[BlackElo "1363"]
[PlyCount "93"]
[EventDate "2017.??.??"]

1. e4 d5 2. exd5 Qxd5 3. Nc3 Qa5 4. Bc4 Nf6 5. d3 Bf5 6. Qe2 Nbd7 7. Bd2 c6 8.
h3 e6 9. g4 Bg6 10. f4 Be7 11. Nf3 Qc7 12. O-O-O O-O-O 13. f5 exf5 14. Qxe7
fxg4 15. Nd4 Rhe8 16. Qa3 Nb6 17. Nb3 Nxc4 18. dxc4 a6 19. Nc5 h5 20. Rdf1 Rd4
21. Qb3 g3 22. Rhg1 h4 23. Rg2 Nh5 24. N3a4 Re7 25. Nb6+ Kd8 26. Be3 Nf4 27.
Rd2 Rxd2 28. Bxf4 Rd6 29. Bxd6 Qxd6 30. Nxb7+ Rxb7 31. Rd1 Qxd1+ 32. Kxd1 c5
33. Ke2 Bxc2 34. Qxc2 Rxb6 35. Qd2+ Ke8 36. Kf1 Rf6+ 37. Kg1 Re6 38. b4 cxb4
39. Qxb4 f5 40. Qb8+ Kf7 41. Qb7+ Kf6 42. Qb2+ Kf7 43. c5 f4 44. Kg2 Rf6 45.
Kf3 g5 46. c6 Ke7 47. Qxf6+ 1-0

[Event "NK Jeugd A"]
[Site "Assen"]
[Date "2017.04.28"]
[Round "8.11"]
[White "Hofstra, Tijmen"]
[Black "Berghuis, Thomas"]
[Result "1-0"]
[WhiteElo "1558"]
[BlackElo "1215"]
[PlyCount "133"]
[EventDate "2017.??.??"]

1. e4 d6 2. d4 Nf6 3. Nc3 Nbd7 4. Nf3 h6 5. h3 e5 6. dxe5 Nxe5 7. Nxe5 dxe5 8.
Qxd8+ Kxd8 9. Bc4 Bb4 10. Bd2 Bxc3 11. Bxc3 Nxe4 12. Bxe5 Re8 13. O-O-O+ Bd7
14. Bd4 Nd6 15. Bb3 f6 16. Rhe1 Bc6 17. Rxe8+ Kxe8 18. f3 b6 19. Bf2 a5 20. c3
a4 21. Bc2 Kf7 22. Bg3 Ne8 23. Bf5 Ra7 24. Kc2 g6 25. Bd7 Bxd7 26. Rxd7+ Ke6
27. Rh7 h5 28. Bf2 Ra8 29. Bg3 Rc8 30. b4 axb3+ 31. axb3 f5 32. Bf4 Kf6 33. h4
Nd6 34. Bg5+ Ke5 35. Rg7 Re8 36. Rxg6 Kd5 37. Kd3 b5 38. Rg7 c5 39. Bf4 c4+ 40.
bxc4+ bxc4+ 41. Kd2 Nb5 42. Rg5 Rd8 43. Rxh5 Kc6+ 44. Kc2 Rd3 45. Be5 Re3 46.
Rxf5 Re2+ 47. Kd1 Rxg2 48. Rg5 Ra2 49. Rg3 Ra1+ 50. Kc2 Rh1 51. Rg4 Rf1 52. f4
Rf2+ 53. Kd1 Kd5 54. Rg3 Ke4 55. Rh3 Rg2 56. h5 Rg1+ 57. Ke2 Na3 58. Kf2 Rd1
59. h6 Nc2 60. h7 Rd2+ 61. Kg3 Rd3+ 62. Kh4 Ne3 63. h8=Q Nf5+ 64. Kg5 Rd1 65.
Qa8+ Rd5 66. Qxd5+ Kxd5 67. Kxf5 1-0

[Event "NK Jeugd A"]
[Site "Assen"]
[Date "2017.04.29"]
[Round "9.2"]
[White "Vrolijk, Liam"]
[Black "Schoppen, Casper"]
[Result "1/2-1/2"]
[WhiteElo "2378"]
[BlackElo "2423"]
[PlyCount "41"]
[EventDate "2017.??.??"]

1. d4 Nf6 2. c4 e6 3. Nf3 c5 4. d5 d6 5. Nc3 exd5 6. cxd5 g6 7. Bf4 Bg7 8. Qa4+
Bd7 9. Qb3 Qc7 10. h3 O-O 11. e3 a6 12. a4 Bc8 13. Be2 Qe7 14. O-O Nbd7 15. Nd2
Ne8 16. Nc4 Ne5 17. Nb6 Rb8 18. Rae1 f5 19. Bh2 Nf6 20. a5 Nf7 21. Bd3 1/2-1/2

[Event "NK Jeugd A"]
[Site "Assen"]
[Date "2017.04.29"]
[Round "9.7"]
[White "Den Hartog, Marijn"]
[Black "Bosma, Jan"]
[Result "1-0"]
[WhiteElo "2227"]
[BlackElo "1684"]
[PlyCount "86"]
[EventDate "2017.??.??"]

1. e4 Nf6 2. e5 Nd5 3. d4 d6 4. Nf3 dxe5 5. Nxe5 c6 6. Be2 Nd7 7. Nf3 N7f6 8.
c4 Nb6 9. h3 g6 10. Nc3 Bg7 11. O-O O-O 12. Be3 Bf5 13. a4 Ne4 14. Qb3 Qc7 15.
Nxe4 Bxe4 16. Rfd1 Rfd8 17. Rac1 Nd7 18. d5 c5 19. Nd2 Nf6 20. Nxe4 Nxe4 21.
Bf3 Nd6 22. Qa3 Rac8 23. b4 b6 24. bxc5 bxc5 25. Bg4 f5 26. Be2 Ne4 27. Bf3 f4
28. Bxe4 fxe3 29. Qxe3 Bd4 30. Rxd4 cxd4 31. Qxd4 Qc5 32. Qe5 Rf8 33. Bf3 Qd6
34. Qc3 Qc5 35. Bg4 Qxf2+ 36. Kh1 Rc5 37. Be6+ Rf7 38. Rb1 Qf4 39. Qa1 Rxc4 40.
Rf1 Rxa4 41. Rxf4 Rxa1+ 42. Kh2 Rf1 43. Rxf7 Rxf7 1-0

[Event "NK Jeugd A"]
[Site "Assen"]
[Date "2017.04.29"]
[Round "9.9"]
[White "Berghuis, Thomas"]
[Black "Van Baar, Esper"]
[Result "0-1"]
[WhiteElo "1215"]
[BlackElo "2136"]
[PlyCount "60"]
[EventDate "2017.??.??"]

1. e4 c5 2. Nf3 d6 3. d4 cxd4 4. Nxd4 Nf6 5. Nc3 a6 6. f4 e5 7. fxe5 dxe5 8.
Nf3 Qxd1+ 9. Nxd1 Nc6 10. Bd3 Be7 11. Bg5 O-O 12. Ne3 Be6 13. Nc4 Bxc4 14. Bxc4
Rac8 15. Bxf6 Bxf6 16. O-O-O b5 17. Bd5 Nb4 18. c3 Rc5 19. Kb1 Nxd5 20. Rxd5
Rxd5 21. exd5 Rd8 22. Rd1 e4 23. Ng1 Be5 24. g3 f5 25. Ne2 g5 26. Kc2 f4 27.
gxf4 gxf4 28. b3 f3 29. Ng3 Bxg3 30. hxg3 e3 0-1

[Event "NK Jeugd A"]
[Site "Assen"]
[Date "2017.04.29"]
[Round "9.10"]
[White "Hartevelt, Leendert"]
[Black "Van Doren, Bas"]
[Result "0-1"]
[WhiteElo "1777"]
[BlackElo "1755"]
[PlyCount "60"]
[EventDate "2017.??.??"]

1. b3 f5 2. Bb2 d6 3. e3 e5 4. Ne2 Nf6 5. Nbc3 Be7 6. g3 O-O 7. Bg2 Qe8 8. d4
Nc6 9. Nd5 Bd8 10. O-O Qh5 11. Nxf6+ Bxf6 12. c4 Nd8 13. Nc3 Qh6 14. Nb5 Ne6
15. d5 Ng5 16. Nxc7 Rb8 17. Qe2 f4 18. exf4 exf4 19. Bxf6 Rxf6 20. gxf4 Nh3+
21. Kh1 Nxf4 22. Qe8+ Rf8 23. Qe3 Bg4 24. Ne6 Rbe8 25. Rae1 Rf6 26. Rg1 Qh4 27.
Qg3 Qxg3 28. fxg3 Nd3 29. Be4 Nf2+ 30. Kg2 Bh3# 0-1

[Event "NJ Jeugd Bj"]
[Site "Assen"]
[Date "2017.04.22"]
[Round "1.1"]
[White "Baselmans, Luuk"]
[Black "Kokje, Joris"]
[Result "1/2-1/2"]
[WhiteElo "1838"]
[BlackElo "2187"]
[PlyCount "78"]
[EventDate "2017.??.??"]

1. e4 c5 2. c3 Nf6 3. e5 Nd5 4. d4 cxd4 5. Nf3 Nc6 6. cxd4 d6 7. exd6 e6 8. Nc3
Bxd6 9. Bd3 h6 10. O-O O-O 11. Re1 Bd7 12. Qe2 Rc8 13. Bd2 Nxc3 14. bxc3 Re8
15. Ne5 Nxe5 16. dxe5 Bf8 17. Qe4 g6 18. Re3 Bc6 19. Qf4 Bg7 20. Rg3 Rc7 21. c4
Rd7 22. Qe3 Rxd3 23. Qxd3 Bxe5 24. Bc3 Bxg3 25. Qxg3 e5 26. Bxe5 Qd2 27. Bc3
Qe2 28. Qf4 Qe4 29. Qxe4 Rxe4 30. Rd1 g5 31. Rd4 Re2 32. Bd2 b6 33. Kf1 Re4 34.
Be3 Rxd4 35. Bxd4 Kf8 36. f3 Ke7 37. Ke2 Ke6 38. g4 f6 39. Ke3 Be8 1/2-1/2

[Event "NJ Jeugd Bj"]
[Site "Assen"]
[Date "2017.04.22"]
[Round "1.2"]
[White "Nguyen, Kevin"]
[Black "Gijsen, William"]
[Result "1-0"]
[WhiteElo "2143"]
[BlackElo "1799"]
[PlyCount "99"]
[EventDate "2017.??.??"]

1. e4 e5 2. Nf3 Nc6 3. Bb5 Nf6 4. d3 Bc5 5. O-O d6 6. c3 a6 7. Ba4 b5 8. Bc2
Bg4 9. Nbd2 O-O 10. h3 Bxf3 11. Nxf3 d5 12. d4 dxe4 13. Nxe5 Nxe5 14. dxe5 Nd5
15. Bxe4 c6 16. Qc2 Qh4 17. Bxd5 cxd5 18. Qf5 Rae8 19. Re1 Re6 20. Be3 Qe7 21.
Bxc5 Qxc5 22. Rad1 Rfe8 23. Re3 g6 24. Qf4 f6 25. exf6 Rxe3 26. f7+ Kg7 27.
fxe8=N+ Rxe8 28. Qg4 Re7 29. Qf3 Re4 30. Qd3 Re5 31. a4 Qc4 32. Qd4 Qxd4 33.
Rxd4 Re1+ 34. Kh2 Re2 35. axb5 axb5 36. b4 Rxf2 37. Rxd5 Rf5 38. Rxf5 gxf5 39.
Kg3 Kf6 40. Kf4 Ke6 41. g4 fxg4 42. hxg4 h6 43. Ke4 Kf6 44. Kd4 Kg5 45. c4 bxc4
46. b5 Kxg4 47. b6 h5 48. b7 h4 49. b8=Q Kh3 50. Qf4 1-0

[Event "NJ Jeugd Bj"]
[Site "Assen"]
[Date "2017.04.22"]
[Round "1.3"]
[White "Emans, Job"]
[Black "Wedda, Dries"]
[Result "0-1"]
[WhiteElo "1734"]
[BlackElo "2079"]
[PlyCount "56"]
[EventDate "2017.??.??"]

1. e4 c5 2. Nf3 d6 3. d4 cxd4 4. Nxd4 Nf6 5. Nc3 a6 6. Be2 e5 7. Nf3 h6 8. Be3
Be6 9. O-O Be7 10. Qd2 O-O 11. Rad1 Nbd7 12. Ne1 b5 13. a3 Nb6 14. f4 Qc7 15.
f5 Bc4 16. Nd3 d5 17. exd5 Nbxd5 18. Kh1 Rfd8 19. Nxd5 Nxd5 20. Bf3 Rac8 21.
Qf2 Bxd3 22. Rxd3 Nxe3 23. Rxd8+ Rxd8 24. Qxe3 Qxc2 25. Qa7 Qc4 26. Re1 Bc5 27.
Qxa6 e4 28. Be2 Qxe2 0-1

[Event "NJ Jeugd Bj"]
[Site "Assen"]
[Date "2017.04.22"]
[Round "1.4"]
[White "Kouwenhoven, Derk"]
[Black "Post, Jesper"]
[Result "1-0"]
[WhiteElo "2077"]
[BlackElo "1694"]
[PlyCount "99"]
[EventDate "2017.??.??"]

1. e4 c5 2. Nf3 d6 3. d4 cxd4 4. Nxd4 Nf6 5. Bd3 a6 6. Bg5 e6 7. Nd2 Be7 8. O-O
O-O 9. c3 Nbd7 10. Bc2 b5 11. a4 Bb7 12. Qe2 b4 13. cxb4 Qb6 14. N2b3 Qxb4 15.
Bd2 Qb6 16. Rac1 Nc5 17. Ba5 Qa7 18. Nxc5 dxc5 19. Nf3 Bc6 20. Ne5 Qb7 21. Nxc6
Qxc6 22. Bc3 Rfd8 23. Bxf6 Bxf6 24. e5 Be7 25. Be4 Qxa4 26. Bxa8 Rxa8 27. Rfd1
g6 28. Rc2 Rb8 29. Rcd2 Rb7 30. g3 Kg7 31. h4 h5 32. Kh2 Rb3 33. Rd3 Rxd3 34.
Rxd3 Qb5 35. Rd2 Qxe2 36. Rxe2 f6 37. f4 fxe5 38. Rxe5 Bf6 39. Rxe6 Bxb2 40.
Rxa6 c4 41. Rc6 c3 42. Kg2 Kf7 43. Kf3 Ke7 44. Ke4 Kd7 45. Rc4 Kd6 46. Kd3 Kd5
47. Rc8 Ke6 48. Rc5 Kf6 49. Rc7 Ke6 50. Rg7 1-0

[Event "NJ Jeugd Bj"]
[Site "Assen"]
[Date "2017.04.22"]
[Round "1.5"]
[White "Ypma, Jord"]
[Black "Tang, Charlie"]
[Result "0-1"]
[WhiteElo "1542"]
[BlackElo "2041"]
[PlyCount "94"]
[EventDate "2017.??.??"]

1. d4 d5 2. Bf4 Nf6 3. e3 e6 4. Nf3 c5 5. c3 Be7 6. Nbd2 O-O 7. Bd3 b6 8. O-O
Bb7 9. Ne5 Nbd7 10. Qf3 Re8 11. Qh3 Nf8 12. Bb5 N6d7 13. Ndf3 a6 14. Bxd7 Nxd7
15. Nxd7 Qxd7 16. Ne5 Qc8 17. a4 f6 18. Nd3 a5 19. Qg3 Ba6 20. Rfd1 Qc6 21. h4
Bf8 22. Qh3 Bc4 23. Nc1 e5 24. dxe5 fxe5 25. Bh2 Qg6 26. b3 Qc2 27. Qf3 Qxc3
28. Ra2 e4 29. Qh5 Bxb3 30. Nxb3 Qxb3 31. Qxd5+ Qxd5 32. Rxd5 Rad8 33. Rad2
Rxd5 34. Rxd5 Kf7 35. Kf1 c4 36. Ke2 Bb4 37. Rd7+ Re7 38. Rxe7+ Kxe7 39. Bc7
Bc5 40. Be5 g6 41. Kd2 Ke6 42. Bd4 Bxd4 43. exd4 Kd6 44. Kc2 Kc6 45. Kb2 b5 46.
axb5+ Kxb5 47. Kc3 a4 0-1

[Event "NJ Jeugd Bj"]
[Site "Assen"]
[Date "2017.04.22"]
[Round "1.6"]
[White "Van Randtwijk, Mick"]
[Black "Hubers, Daan"]
[Result "1-0"]
[WhiteElo "2014"]
[BlackElo "1402"]
[PlyCount "71"]
[EventDate "2017.??.??"]

1. e4 e6 2. d4 d5 3. Nc3 Bb4 4. Bd3 Ne7 5. e5 b6 6. a3 Bxc3+ 7. bxc3 Ba6 8. Nf3
Bxd3 9. Qxd3 h6 10. a4 Nd7 11. Ba3 O-O 12. Bxe7 Qxe7 13. O-O c5 14. Nd2 c4 15.
Qg3 a6 16. f4 f5 17. exf6 Nxf6 18. Rae1 Qd7 19. Qg6 Rae8 20. Rb1 b5 21. axb5
axb5 22. Rf3 Ra8 23. Rg3 Ra2 24. Rxb5 Nh5 25. Qxh5 Qxb5 26. Qxh6 Ra1+ 27. Kf2
Qd7 28. Nf3 Qf7 29. Ke2 Ra7 30. Rg5 Qf6 31. Qh3 Re7 32. g3 Ra8 33. Ne5 Raa7 34.
Nc6 Ra2 35. Nxe7+ Qxe7 36. Kd2 1-0

[Event "NJ Jeugd Bj"]
[Site "Assen"]
[Date "2017.04.22"]
[Round "1.7"]
[White "Ten Have, Dimitri"]
[Black "Bekedam, Tyro"]
[Result "0-1"]
[WhiteElo "1396"]
[BlackElo "2004"]
[PlyCount "58"]
[EventDate "2017.??.??"]

1. d4 d5 2. Nf3 Nf6 3. e3 Bf5 4. b3 e6 5. Bb2 Bd6 6. Bd3 Bxd3 7. Qxd3 O-O 8.
Nbd2 Nbd7 9. O-O c6 10. c4 Re8 11. Ne5 Qc7 12. f4 Rad8 13. Rf3 dxc4 14. Ndxc4
Bf8 15. Qc2 g6 16. Raf1 Nd5 17. Qf2 f6 18. Nd3 f5 19. Nce5 N7f6 20. Qh4 Qg7 21.
Rc1 Ne4 22. Nc5 Be7 23. Qe1 Nxc5 24. dxc5 Bf6 25. Bd4 g5 26. Rg3 g4 27. Qd1 h5
28. Nxg4 hxg4 29. Bxf6 Nxf6 0-1

[Event "NJ Jeugd Bj"]
[Site "Assen"]
[Date "2017.04.22"]
[Round "1.8"]
[White "Dijkhuis, Oele"]
[Black "Kanger, Thomas"]
[Result "1-0"]
[WhiteElo "1944"]
[BlackElo "1382"]
[PlyCount "51"]
[EventDate "2017.??.??"]

1. e4 d5 2. exd5 Nf6 3. Bb5+ Bd7 4. Bc4 Bf5 5. Nc3 c6 6. dxc6 Nxc6 7. Nf3 e6 8.
O-O Qc7 9. Nb5 Qb6 10. d3 O-O-O 11. a4 Na5 12. Be3 Bc5 13. b4 Bxe3 14. bxa5 Qc5
15. fxe3 Ng4 16. Qe1 Nxe3 17. d4 Rxd4 18. Nfxd4 Nxc2 19. Rc1 a6 20. Rxf5 exf5
21. Rxc2 Kd8 22. Bxf7 Qe7 23. Rc8+ Kxc8 24. Qxe7 Kb8 25. Bd5 Ka8 26. Qxb7# 1-0